Pokémon by Last Letter - Statistics

General Stats
  • This quiz has been taken 49 times
  • The average score is 20 of 25
Answer Stats
Letter Hint Answer % Correct
A Abra|Alomomola|Altaria|Amaura|Arboliva|Arrokuda|Barraskewda|Cacnea|Carracosta|Carvanha| Celesteela|Chikorita|Cleffa|Corsola|Cresselia|Cursola|Darumaka|Dialga|Drampa|Emolga|Espartha| Galvantula|Giratina|Glimmora|Goodra|Gothita|Gothorita|Greninja|Hariyama|Hatenna|Hawlucha| Hoopa|Horsea|Kadabra|Kakuna|Kartana|Kingdra|Kirlia|Komala|Larvesta|Ledyba|Lugia|Lunala| Magearna|Makuhita|Meloetta|Meowscarada|Mightyena|Munna|Musharna|Necrozma|Nidorina| Nincada|Palkia|Pheromosa|Ponyta|Poochyena|Primarina|Quilava|Rabsca|Rattata|Rayquaza| Roggenrola|Roselia|Sandaconda|Seadra|Shedinja|Silicobra|Sinistea|Slugma|Spewpa|Spinda| Stakataka|Staravia|Sunflora|Swanna|Tangela|Tarountula|Teddiursa|Tirtouga|Torterra|Tsareena| Ursaluna|Veluza|Vibrava|Volcarona|Yanma|Yanmega|Zamazenta|Zebstrika|Zeraora|Zorua
100%
E Alcremie|Annihilape|Arcanine|Armarouge|Aromatisse|Banette|Barbaracle|Bergmite|Binacle| Blastoise|Blitzle|Boldore|Brionne|Butterfree|Buzzwole|Cacturne|Carnivine|Caterpie|Ceruledge|Cetoddle|Chandelure|Chewtle|Cinderace|Clefable|Clodsire|Combee|Corvisquire|Cottonee| Crabominable|Crustle|Cubone|Decidueye|Dedenne|Dhelmise|Diancie|Doublade|Dragalge| Dragonite|Drizzile|Drowzee|Dudunsparce|Dunsparce|Dwebble|Eevee|Eiscue|Electivire|Electrike| Electrode|Exeggcute|Flabébé|Flapple|Flittle|Floette|Flutter Mane|Fraxure|Froakie|Gabite|Gallade| Geodude|Gible|Glalie|Gothitelle|Grotle|Grovyle|Growlithe|Hatterene|Helioptile|Hitmonlee|Honedge| Houndstone|Illumise|Indeedee|Infernape|Iron Bundle|Kricketune|Krookodile|Kyogre|Linoone| Lombre|Lunatone|Machoke|Magnemite|Magnezone|Mamoswine|Mantine|Mantyke|Mareanie| Mawile|Meditite|Mr. Mime|Mr. Rime|Mudsdale|Nymble|Oinkologne|Omanyte|Orbeetle|Pansage| Phione|Pidove|Pignite|Piloswine|Plusle|Poipole|Primeape|Quagsire|Raticate|Regice|Ribombee| Rookidee|Roserade|Sableye|Salamence|Salazzle|Sandile|Sceptile|Scolipede|Servine|Sewaddle| Shuckle|Simisage|Sizzlipede|Skeledirge|Slowpoke|Smeargle|Sobble|Spritzee|Squirtle|Starmie| Steenee|Suicune|Talonflame|Tapu Lele|Totodile|Tympole|Tyrogue|Uxie|Vanillite|Vanilluxe|Venipede| Vileplume|Wartortle|Weavile|Weedle|Whirlipede|Wurmple|Xurkitree|Zangoose|Zarude|Zygarde
97%
N Aggron|Appletun|Applin|Archen|Aron|Bagon|Basculegion|Basculin|Bastiodon|Blacephalon|Blaziken| Braixen|Bramblin|Cascoon|Cetitan|Charmeleon|Chespin|Cobalion|Combusken|Dachsbun| Darmanitan|Donphan|Drapion|Drifloon|Druddigon|Duosion|Duraludon|Empoleon|Espeon|Fennekin| Ferrothorn|Finizen|Finneon|Flareon|Flygon|Gastrodon|Glaceon|Goldeen|Groudon|Grubbin|Gulpin| Heatran|Hippowdon|Hitmonchan|Hydreigon|Inteleon|Jolteon|Kangaskhan|Kecleon|Koraidon|Lairon| Lanturn|Leafeon|Ledian|Litten|Lumineon|Magneton|Masquerain|Meltan|Minun|Miraidon|Nidoqueen| Nidoran|Noivern|Obstagoon|Palafin|Passimian|Persian|Pincurchin|Porygon|Purrloin|Quilladin| Rhydon|Rhyhorn|Roaring Moon|Scovillain|Shaymin|Shelgon|Shieldon|Silcoon|Sunkern|Swadloon| Sylveon|Terrakion|Tinkaton|Toucannon|Typhlosion|Umbreon|Unown|Vaporeon|Vespiquen|Virizion| Vivillon|Volcanion|Walrein|Wo-Chien|Zacian|Zigzagoon
92%
G Avalugg|Blipbug|Bronzong|Charjabug|Chingling|Cosmog|Deerling|Dewgong|Fletchling|Girafarig| Grumpig|Klang|Klinklang|Koffing|Lickitung|Metang|Nidoking|Poliwag|Scatterbug|Seaking|Slaking| Slither Wing|Slowking|Tepig|Turtwig|Ursaring|Watchog|Weezing
89%
O Armaldo|Articuno|Audino|Chien-Pao|Chimecho|Cinccino|Cubchoo|Deino|Ditto|Dodrio|Doduo| Dondozo|Dugtrio|Flamigo|Floragato|Fuecoco|Gholdengo|Hakamo-o|Hypno|Jangmo-o|Kabuto| Keldeo|Kommo-o|Litleo|Lucario|Ludicolo|Luxio|Magcargo|Mewtwo|Mienfoo|Mienshao|Minccino| Monferno|Morpeko|Nidorino|Nihilego|Oricorio|Pangoro|Pawmo|Pidgeotto|Pineco|Popplio| Pumpkaboo|Regidrago|Sealeo|Sharpedo|Skiddo|Sliggoo|Slowbro|Solgaleo|Sprigatito|Sudowoodo| Tapu Koko|Treecko|Tynamo|Wooloo|Wugtrio
86%
U Chi-Yu|Chinchou|Furfrou|Kubfu|Mimikyu|Natu|Oranguru|Pachirisu|Pichu|Pikachu|Pyukumuku| Raichu|Raikou|Riolu|Staryu|Swablu|Tapu Bulu|Ting-Lu|Togedemaru|Urshifu|Xatu
86%
L Absol|Aerodactyl|Azumarill|Azurill|Beedrill|Bibarel|Buizel|Carkol|Clamperl|Claydol|Coalossal| Cryogonal|Cyndaquil|Dubwool|Duskull|Excadrill|Floatzel|Garganacl|Gimmighoul|Granbull| Grimmsnarl|Huntail|Kilowattrel|Marill|Melmetal|Morelull|Naganadel|Noctowl|Numel|Overqwil|Petilil| Poliwhirl|Quaquaval|Quaxwell|Registeel|Scream Tail|Seel|Sneasel|Snubbull|Spheal|Stufful| Tentacool|Tentacruel|Thievul|Toedscool|Toedscruel|Torkoal|Toxel|Tranquill|Type: Null|Victreebel| Wattrel|Weepinbell|Wingull|Yveltal
83%
X Arctibax|Calyrex|Dartrix|Delphox|Dustox|Frigibax|Jynx|Lokix|Munchlax|Onix|Shinx|Snorlax|Steelix| Swirlix|Toxapex|Vulpix
83%
2 Porygon2
83%
W Abomasnow|Axew|Budew|Croconaw|Drednaw|Fearow|Glameow|Honchkrow|Marshadow|Mew| Murkrow|Sandshrew|Spearow|Swellow|Taillow
81%
S Amoonguss|Ampharos|Arceus|Archeops|Ariados|Aurorus|Clobbopus|Cofagrigus|Cranidos|Deoxys| Dusclops|Eelektross|Ekans|Eldegoss|Enamorus|Eternatus|Falinks|Feebas|Florges|Fomantis| Foongus|Forretress|Froslass|Gorebyss|Gumshoos|Gyarados|Haxorus|Heracross|Hippopotas| Iron Hands|Iron Jugulis|Iron Thorns|Iron Treads|Kabutops|Landorus|Lapras|Latias|Latios|Lurantis| Maractus|Metagross|Misdreavus|Mismagius|Moltres|Ninetales|Nosepass|Paras|Probopass|Ralts| Rampardos|Regigigas|Reuniclus|Runerigus|Sandy Shocks|Shellos|Solosis|Spidops|Tandemaus| Tauros|Thundurus|Togekiss|Tornadus|Tropius|Xerneas|Yungoos|Zapdos|Zweilous
81%
K Arbok|Carbink|Croagunk|Drakloak|Eelektrik|Golduck|Golurk|Great Tusk|Heliolisk|Joltik|Klink| Krokorok|Lechonk|Litwick|Marowak|Miltank|Muk|Naclstack|Ninjask|Pikipek|Psyduck|Regirock| Sawk|Sawsbuck|Skuntank|Solrock|Spinarak|Spoink|Stunfisk|Tinkatink|Toxicroak|Trumbeak| Yamask|Zoroark
81%
F Azelf|Bayleef|Bidoof|Farigiraf|Igglybuff|Jigglypuff|Jumpluff|Klawf|Mabosstiff|Maschiff|Nuzleaf| Rockruff|Slurpuff|Tinkatuff|Wigglytuff
81%
R Accelgor|Baxcalibur|Bewear|Bombirdier|Bronzor|Bulbasaur|Charmander|Chimchar|Clauncher| Clawitzer|Cloyster|Conkeldurr|Crabrawler|Crocalor|Cyclizar|Dewpider|Dottler|Dragonair|Drilbur| Dusknoir|Emboar|Escavalier|Espurr|Exeggutor|Feraligatr|Fletchinder|Frogadier|Garbodor| Gardevoir|Gengar|Glastrier|Gligar|Gossifleur|Graveler|Grimer|Gurdurr|Haunter|Heatmor|Herdier| Houndour|Incineroar|Ivysaur|Kingler|Kleavor|Larvitar|Magmar|Magmortar|Malamar|Mime Jr.|Minior| Omastar|Panpour|Pansear|Pelipper|Perrserker|Pinsir|Pupitar|Pyroar|Rellor|Rhyperior|Scizor| Scyther|Serperior|Seviper|Shellder|Simipour|Simisear|Sneasler|Snover|Spectrier|Stantler|Staraptor| Stonjourner|Timburr|Turtonator|Tyranitar|Venusaur|Wailmer|Whismur|Wooper|Wyrdeer|Yamper
78%
H Aegislash|Anorith|Arctovish|Barboach|Bruxish|Centiskorch|Copperajah|Corphish|Dracovish| Fidough|Frillish|Frosmoth|Gigalith|Ho-Oh|Iron Moth|Meowth|Oddish|Poliwrath|Qwilfish|Rapidash| Relicanth|Sandslash|Shroomish|Sigilyph|Slakoth|Tangrowth|Throh|Trapinch|Trubbish|Vanillish| Venomoth|Vigoroth|Whiscash
78%
M Aipom|Alakazam|Ambipom|Beheeyem|Beldum|Bellossom|Breloom|Castform|Cherrim|Cosmoem| Drifblim|Elgyem|Gloom|Golem|Hattrem|Houndoom|Kyurem|Medicham|Meganium|Morgrem|Mothim| Orthworm|Pancham|Reshiram|Revavroom|Rillaboom|Rotom|Skiploom|Smoochum|Snom| Tyrantrum|Varoom|Wormadam|Zekrom
78%
Y Baltoy|Beautifly|Blissey|Bonsly|Braviary|Buneary|Bunnelby|Burmy|Chansey|Clefairy|Comfey| Cradily|Cutiefly|Delcatty|Diggersby|Dreepy|Flaaffy|Gastly|Goomy|Grookey|Happiny|Inkay|Krabby| Leavanny|Lickilicky|Lopunny|Luxray|Magby|Manaphy|Mankey|Milcery|Mudbray|Octillery|Phanpy| Pidgey|Purugly|Quaxly|Rolycoly|Scorbunny|Scrafty|Scraggy|Shiftry|Silvally|Skarmory|Skitty|Snivy| Squawkabilly|Starly|Stunky|Thwackey|Toxtricity|Vullaby
78%
Z Electabuzz|Mandibuzz|Porygon-Z
78%
D Araquanid|Boltund|Capsakid|Charizard|Delibird|Elekid|Exploud|Farfetch’d|Ferroseed|Golisopod| Greavard|Guzzlord|Liepard|Lotad|Loudred|Maushold|Metapod|Palossand|Palpitoad|Pawniard| Politoed|Remoraid|Seismitoad|Shroodle|Sirfetch'd|Stoutland|Wailord|Wimpod
75%
P Bisharp|Garchomp|Hitmontop|Hoppip|Impidimp|Lileep|Lillipup|Machamp|Machop|Magikarp|Mareep| Marshtomp|Mudkip|Phantump|Piplup|Prinplup|Skrelp
75%
T Arctozolt|Bellibolt|Bellsprout|Bouffalant|Bounsweet|Brambleghast|Brute Bonnet|Camerupt| Charcadet|Chatot|Chesnaught|Corviknight|Cramorant|Crawdaunt|Crobat|Cufant|Dewott|Diglett| Dracozolt|Dragapult|Ducklett|Durant|Furret|Genesect|Glimmet|Gogoat|Golbat|Golett|Gourgeist| Grapploct|Greedent|Hoothoot|Iron Valiant|Jellicent|Karrablast|Kingambit|Kricketot|Lampent|Lilligant| Mesprit|Nickit|Noibat|Oshawott|Parasect|Patrat|Pawmot|Pidgeot|Polteageist|Raboot|Rowlet|Rufflet| Salandit|Samurott|Sandygast|Seedot|Sentret|Shelmet|Shuppet|Skwovet|Snorunt|Surskit|Swalot| Swampert|Swoobat|Torracat|Trevenant|Tyrunt|Unfezant|Venonat|Vikavolt|Volbeat|Whimsicott| Wiglett|Wobbuffet|Woobat|Wynaut|Zubat
72%
I Celebi|Cherubi|Darkrai|Dratini|Entei|Grafaiai|Jirachi|Klefki|Nacli|Pawmi|Regieleki|Skorupi|Tapu Fini| Tatsugiri|Togepi|Victini|Wishiwashi
69%
B Spiritomb|Swinub|Tadbulb|Voltorb
64%
C Beartic|Luvdisc|Lycanroc|Manectric|Meowstic|Milotic|Shiinotic|Togetic|Torchic
58%
V Dolliv|Smoliv
33%
No matching quizzes found
Score Distribution
Percent of People with Each Score
Percentile by Number Answered
Your Score History
You have not taken this quiz